Nalaganje...
Ente Priya Novelettukal
| Glavni avtor: | |
|---|---|
| Format: | Printed Book |
| Izdano: |
Kozhikkode
Olive
2014
|
| LEADER | 00420nam a22001337a 4500 | ||
|---|---|---|---|
| 020 | |a 9789383756407 | ||
| 082 | |a 894.812 3 |b SUD/EN | ||
| 100 | |a Sudheesh,V R | ||
| 245 | |a Ente Priya Novelettukal | ||
| 260 | |a Kozhikkode |b Olive |c 2014 | ||
| 300 | |a 170p. | ||
| 942 | |c BK | ||
| 999 | |c 2881 |d 2881 | ||
| 952 | |0 0 |1 0 |4 0 |6 894_812000000000000_3_SUD_EN |7 0 |8 FIC |9 3757 |a KUFOS |b KUFOS |c FIC |d 2016-05-19 |o 894.812 3 SUD/EN |p 18429 |r 2016-05-19 |w 2016-05-19 |y BK | ||